000 nam a22 a 4500
999 _c30
_d30
003 AKMAL
005 20170413120505.0
008 170413s1988 my 00 Eng d
020 _a9679781798
040 _aAKMAL
082 _a336
090 _a336
100 _aGoh, Chen Chuan
_9107
245 _aA practical guide: Malaysian taxation /
_cGoh Chen Chuan
260 _bPelanduk, Petaling Jaya,
_c1988
300 _a127pages
_c22cm
942 _2ddc
_cBOOK